000 00788nam a22001937a 4500
999 _c58858
_d58858
003 Ge_BSU
005 20221010164636.0
008 221010s2002 ge ||||| |||| 00| 0 geo d
020 _a9992893486
041 _ageo
080 _a316(042.4) ლ-96
100 _aლუტიძე, ბიძინა
_915212
245 _aსოციოლოგია :
_b(ლექციების კურსი). ნაკვეთი 1 /
_c ბიძინა ლუტიძე ; რედაქტორი ა. ციმინტია.
264 _aთბილისი,
_c2002.
300 _a438 გვ. ;
_b20 სმ.
504 _aბიბლიოგრ. ტექსტის შენიშვნებში.
653 _a საზოგადოება
942 _2udc
_cBK